| 000 -LEADER |
| fixed length control field |
01720nam a2200337 a 4500 |
| 001 - CONTROL NUMBER |
| control field |
ASIN0230103561 |
| 005 - DATE AND TIME OF LATEST TRANSACTION |
| control field |
20170105102910.0 |
| 008 - FIXED-LENGTH DATA ELEMENTS--GENERAL INFORMATION |
| fixed length control field |
131025s2010 xxu eng d |
| 020 ## - INTERNATIONAL STANDARD BOOK NUMBER |
| International Standard Book Number |
0230103561 (hardcover) |
| Terms of availability |
$95.00 |
| 020 ## - INTERNATIONAL STANDARD BOOK NUMBER |
| International Standard Book Number |
9780230103566 (hardcover) |
| 040 ## - CATALOGING SOURCE |
| Original cataloging agency |
0 |
| 050 04 - LIBRARY OF CONGRESS CALL NUMBER |
| Classification number |
JZ1734.A55 |
| 082 04 - DEWEY DECIMAL CLASSIFICATION NUMBER |
| Classification number |
958.043 |
| 245 10 - TITLE STATEMENT |
| Title |
China and india in central asia : |
| Remainder of title |
a new "great game"? / |
| Statement of responsibility, etc. |
Marlène Laruelle, Sébastien Peyrouse, Jean-François Huchet, Bayram Balci. |
| 260 ## - PUBLICATION, DISTRIBUTION, ETC. |
| Place of publication, distribution, etc. |
[S.l.] : |
| Name of publisher, distributor, etc. |
Palgrave Macmillan, |
| Date of publication, distribution, etc. |
2010. |
| 300 ## - PHYSICAL DESCRIPTION |
| Extent |
268 p. ; |
| Dimensions |
21 cm. |
| 490 1# - SERIES STATEMENT |
| Series statement |
Sciences po series in international relations and political economy. |
| 520 ## - SUMMARY, ETC. |
| Summary, etc. |
China and India growing interests in Central Asia disrupt the traditional Russian-U.S. “Great Game” at the heart of the old continent. Though for the moment India is unable to equally compete against the Chinese presence in post-Soviet Central Asia, New Delhi is well established in Afghanistan and has begun to cast its eyes more markedly toward the north to the shores of the Caspian Sea. In the years to come, both Asian powers are looking to redeploy their rivalry on the Central Asian and Afghan theaters on a geopolitical, but also political and economic level. |
| 650 #0 - SUBJECT ADDED ENTRY--TOPICAL TERM |
| Topical term or geographic name entry element |
Asia, Central |
| 650 #0 - SUBJECT ADDED ENTRY--TOPICAL TERM |
| Topical term or geographic name entry element |
China |
| 650 #0 - SUBJECT ADDED ENTRY--TOPICAL TERM |
| Topical term or geographic name entry element |
Geopolitics |
| 650 #0 - SUBJECT ADDED ENTRY--TOPICAL TERM |
| Topical term or geographic name entry element |
India |
| 650 #0 - SUBJECT ADDED ENTRY--TOPICAL TERM |
| Topical term or geographic name entry element |
International relations |
| 700 1# - ADDED ENTRY--PERSONAL NAME |
| Personal name |
Balci, Bayram. |
| 700 1# - ADDED ENTRY--PERSONAL NAME |
| Personal name |
Huchet, Jean-François. |
| 700 1# - ADDED ENTRY--PERSONAL NAME |
| Personal name |
Laruelle, Marlène. |
| 700 1# - ADDED ENTRY--PERSONAL NAME |
| Personal name |
Peyrouse, Sébastien. |
| 830 #0 - SERIES ADDED ENTRY--UNIFORM TITLE |
| Uniform title |
Sciences po series in international relations and political economy. |
| 856 40 - ELECTRONIC LOCATION AND ACCESS |
| Materials specified |
Amazon.com |
| Uniform Resource Identifier |
<a href="http://www.amazon.com/exec/obidos/ASIN/0230103561/chopaconline-20">http://www.amazon.com/exec/obidos/ASIN/0230103561/chopaconline-20</a> |
| 942 ## - ADDED ENTRY ELEMENTS (KOHA) |
| Source of classification or shelving scheme |
|
| Koha item type |
Book |